16 Villes d'Europe en S et en images - Statistiques

Statistiques générales
  • Ce quiz a été pris 54 fois
  • Le résultat moyen est 7 sur 16
Statistiques - réponses
Par images Hint Réponse % Correct
Suède Stockholm
91%
France Strasbourg
85%
Russie Saint-Pétersbourg
80%
Bulgarie Sofia
80%
Espagne Seville
74%
Autriche Salzbourg
63%
Macédoine du Nord Skopje
61%
Russie Sotchi
37%
Italie Syracuse
33%
Royaume-Uni Sheffield
22%
Suisse Saint-Gall
20%
Portugal Setúbal
20%
Allemagne Stuttgart
19%
Espagne Santander
17%
Norvège Stavanger
17%
France Saint-Brieuc
15%
Aucun quiz correspondant
Distribution des résultats
% des personnes avec chaque résultat
Percentile par nombre de réponses
Votre historique - résultats
Vous n’avez pas pris ce quiz